| 000 | 00902nas a2200301 4500 | ||
|---|---|---|---|
| 001 | BR2012003447 | ||
| 003 | BR-BrBNA | ||
| 005 | 20231205120544.0 | ||
| 007 | ta | ||
| 008 | 230509b bl.|||p| |||| 00| 00por d | ||
| 040 |
_aBR-BrBNA _bpor _cBiblioteca Nacional de Agricultura |
||
| 041 | _a(Pt) | ||
| 072 | _aF50; F60 | ||
| 100 | 1 | _aGonçalves, M. da P.M. | |
| 100 | 1 | _aCoffler, R. | |
| 100 | 1 | _aCarvalho, A.M. de | |
| 100 | 1 | _aGarcia, R.A. | |
| 245 | 1 | _aVariação radial da densidade básica e comprimento das fibras da madeira de Tectona grandis L.f. | |
| 650 | _aMADEIRA | ||
| 650 | _aESTRUTURA VEGETAL | ||
| 650 | _aFIBRA | ||
| 650 | _aTECA | ||
| 650 | _aTECTONA GRANDIS | ||
| 650 | _aÁRVORE ANGIOSPERMA | ||
| 773 | 0 |
_tFloresta e Ambiente (Brazil) _xISSN 1415-0980 _g(2007), v. 14(1) p. 70-75 _wBR2012003447 |
|
| 909 |
_a202311 _bLúcia _c55 _dLúcia Elande |
||
| 942 |
_2AGRIS _n0 _cANA |
||
| 999 |
_c219107 _d219107 |
||